00979nam a2200253 a 45000010005000000030006000050050017000110080041000280200015000690350019000840400032001030410008001350820028001431000021001712450097001922600043002893000027003324900078003595040052004376500045004896500052005346510061005868300078006477979UkOxU20211208234514.0160830s1972 enk bs 001 0 eng  a0521072301 a(BD-RjUL) 8023 aDLCcDLCdm.cdBD-RjULbeng aeng a339.20942bFEN 19722231 aFeinstein, C. H.10aNational income, expenditure and output of the United Kingdom, 1855-1965 /cC. H. Feinstein. aCambridge :bUniversity Press,cc1972. aviii, 244 p. ;c31 cm.1 aStudies in the national income and expenditure of the United Kingdom ;v6 aIncludes bibliographical references and index.  0aNational incomezGreat BritainxHistory. 0aGross national productzGreat BritainxHistory. 0aGreat BritainxAppropriations and expendituresxHistory. aStudies in the national income and expenditure of the United Kingdom ;v6